00450nam a22001577a 450000500170000001000170001702000250003403500170005903700240007608200100010010000150011024500530012526000340017827000510021230000290026320120127163342.0 aB-476669-687 a9788121933308c99.00 aB-476669-687 adplbBlue Berry/Ven a612.8 aGreen, Jen aMy healthy body brain:band sensescby Jen Green aNew DelhibS. Chand Pubc2010 a7361, Ram Nagar, Qutab RoadbNew Delhie110055 a32p.bcol.illc29cm(pbk)